000 01120nam a22003017a 4500
001 738
005 20231204081648.0
020 _a9780670062430 (hardcover)
040 _aDLC
_cDLC
_dDLC
_beng
050 0 0 _aPZ7.W24644
_bEm 2011
082 0 0 _a[Fic]
_222
100 1 _aWarner, Sally
_d1946-
245 1 0 _aEllRay Jakes is not a chicken /
_cby Sally Warner ; illustrated by Jamie Harper
260 _aNew York :
_bScholastic,
_c2011.
300 _a108 pages :
_billustrations ;
_c20 cm.
505 _aW
520 _aEight-year-old EllRay's father has promised a family trip to Disneyland if EllRay can stay out of trouble for a week, but not defending himself against Jared, the class bully, proves to be a real challenge.
521 _a940
_bLexile
521 _aW
_bRaz-Plus
650 1 _aBehavior
_vFiction.
650 1 _aBullies and bullying
_vFiction.
650 1 _aSchools
_vFiction.
650 1 _aFamily life
_zCalifornia
_vFiction.
650 1 _aAfrican Americans
_vFiction.
700 1 _aHarper, Jamie
_eillustrator.
906 _a7
_bcbc
_corignew
_d1
_eecip
_f20
_gy-gencatlg
942 _2ddc
_cBK
_n0
999 _c738
_d738